| 000 | 00998nam a2200241Ia 4500 | ||
|---|---|---|---|
| 003 | OSt | ||
| 005 | 20220923222312.0 | ||
| 006 | a|||||r|||| 00| 0 | ||
| 007 | ta | ||
| 008 | 220922b |||||||| |||| 00| 0 hin d | ||
| 024 | _a204,397 | ||
| 037 | _cTextual | ||
| 040 |
_aARTS _cARTS _bhin |
||
| 041 |
_2hin _ahin |
||
| 082 | _aO156,1(Q223):g, 152J8 | ||
| 100 |
_aगुप्त, जगदीश _9156290 |
||
| 245 | 0 | _aगुजराती और ब्रजभाषा कृष्ण काव्य का तुलनात्मक अध्ययन, 15वीं 17वीं शती ई | |
| 246 | _aGujarātī aur brajabhāṣhā kṛuṣhṇa kāvya kā tulanātmak adhyayana, 15vīan 17vīan shatī ī0 | ||
| 260 |
_aप्रयाग _b हिन्दी परिषद _c1958 |
||
| 650 |
_aहिन्दी साहित्य _9156264 |
||
| 942 |
_hO156,1(Q223):g, 152J8 _cTEXL _2CC |
||
| 999 |
_c355146 _d355146 |
||